[Event "FIDE World Uni Blitz-B 1st"]
[Site "Tornelo INT"]
[Date "2021.03.13"]
[Round "5.57"]
[White "Jurheza, Adiwindra Akbar"]
[Black "Fedysiv, Zoryana"]
[Result "1-0"]
[WhiteElo "1777"]
[BlackElo "1149"]
[PlyCount "67"]
[EventDate "2021.03.13"]
[EventType "swiss (blitz)"]
[EventRounds "10"]
[EventCountry "NET"]
[SourceTitle "EXT 2022"]
[Source "ChessBase"]
[SourceDate "2021.10.06"]
[SourceVersion "1"]
[SourceVersionDate "2021.10.06"]
[SourceQuality "1"]

1. d4 d5 2. c4 e6 3. cxd5 exd5 4. Nc3 Nf6 5. Bg5 c6 6. Qc2 Bd6 7. Nf3 Be6 8. e3 Nbd7 9. Bd3 h6 10. Bh4 Qc7 11. Bg3 Nh5 12. a3 Nxg3 13. hxg3 0-0-0 14. b4 b6 15. Rc1 Rde8 16. Nb5 cxb5 17. Qb2 Nc5 18. bxc5 bxc5 19. dxc5 Bxc5 20. Qxb5 Bd7 21. Qxc5 Qxc5 22. Rxc5+ Kd8 23. Rxd5 Re6 24. Bf5 Rb6 25. Rxd7+ Ke8 26. Rc7 Rb1+ 27. Bxb1 Kd8 28. Rxa7 Re8 29. Nd4 Kc8 30. Nc6 Re6 31. Bf5 g6 32. Rxh6 gxf5 33. Rh8+ Re8 34. Rxe8# 1-0